(Khmer) Angkor Kingdom guide book: (Record no. 49235)
| 000 -LEADER | |
|---|---|
| fixed length control field | 00266nam a2200097 4500 |
| 020 ## - INTERNATIONAL STANDARD BOOK NUMBER | |
| International Standard Book Number | 9789996375712 |
| 245 ## - TITLE STATEMENT | |
| Title | (Khmer) Angkor Kingdom guide book: |
| Remainder of title | part 2 / |
| Statement of responsibility, etc | Hem Sophoan. |
| 260 ## - PUBLICATION, DISTRIBUTION, ETC. (IMPRINT) | |
| Place of publication, distribution, etc | Cambodia: |
| Date of publication, distribution, etc | 2023. |
| 300 ## - PHYSICAL DESCRIPTION | |
| Extent | 200 p. |
| Other physical details | col. ill. |
| Dimensions | 20 cm. |
| 942 ## - ADDED ENTRY ELEMENTS (KOHA) | |
| Source of classification or shelving scheme | |
| Koha item type | Book |
| Withdrawn status | Lost status | Source of classification or shelving scheme | Damaged status | Not for loan | Collection code | Home library | Current library | Shelving location | Date acquired | Full call number | Barcode | Date last seen | Price effective from | Koha item type |
|---|---|---|---|---|---|---|---|---|---|---|---|---|---|---|
| Siem Riep | Asian Hope Secondary Library | Asian Hope Secondary Library | 08/11/2025 | KHMER 915.96 HEM | 208734 | 01/16/2026 | 08/11/2025 | Khmer NON FIC Books |